Environmental Quality <The> Twenty-Second Annual Report of the Council on Environmental Quality

Saved in:
Bibliographic Details
Format: Book
Language:English
Published: Washington Council on Environmental Quality 1991
Edition:1. ed.
Subjects:
Tags: Add Tag
No Tags, Be the first to tag this record!

MARC

LEADER 00000nam a2200000 4500
001 c011798
005 20221214093530.0
020 |a 0-16-036168-0 
041 0 |a eng 
044 |a US 
245 1 0 |a Environmental Quality  |b <The> Twenty-Second Annual Report of the Council on Environmental Quality 
250 |a 1. ed. 
264 1 |a Washington  |b Council on Environmental Quality  |c 1991 
300 |a 382 s. 
610 2 0 |a prostredie životné 
610 2 0 |a politika environmentálna 
610 2 0 |a USA